Statistics for Three Letter Words at the End of Countries

Click here to take the quiz!

General Stats

  • This quiz has been taken 966 times
  • The average score is 17 of 24

Answer Stats

WordValid AnswersCountry% Correct
AndFinland, Iceland, Ireland, New Zealand, Poland, Swaziland, Switzerland, ThailandFinland / Iceland etc...
90%
AdaCanada, GrenadaCanada / Grenada
89%
GalPortugal, SenegalPortugal / Senegal
86%
WayNorwayNorway
84%
TanAfghanistan, Bhutan, Kazakhstan, Kyrgyzstan, Pakistan, Tajikistan, Turkmenistan, UzbekistanAfghanistan / Bhutan etc...
82%
ArkDenmarkDenmark
81%
AnyGermanyGermany
81%
RanIranIran
77%
ManOmanOman
77%
KeyTurkeyTurkey
76%
RiaAlgeria, Austria, Bulgaria, Liberia, Nigeria, SyriaAlgeria / Austria etc...
75%
PalNepalNepal
75%
MenYemenYemen
72%
ViaBolivia, LatviaBolivia / Latvia
71%
HadChadChad
71%
PanJapanJapan
70%
DanJordan, Sudan, South SudanJordan / Sudan etc...
70%
AgoTrinidad and TobagoTrinidad and Tobago
65%
DenSwedenSweden
64%
TarQatarQatar
60%
CarMadagascarMadagascar
59%
NonLebanonLebanon
58%
OreSingaporeSingapore
46%
OneSierra LeoneSierra Leone
41%

Score Distribution

Percentile by Number Answered

Percent of People with Each Score

Your Score History

You have not taken this quiz